Car Quiz #3 - Select the model - Statistics

General Stats
  • This quiz has been taken 61 times
  • The average score is 32 of 36
Answer Stats
Question Tile Select % Correct
Mustang No
98%
Mustang No
98%
Mustang Yes
98%
Mustang No
98%
Mustang No
98%
Mustang No
98%
Mondeo/Fusion No
98%
RAV4 No
98%
RAV4 No
98%
RAV4 No
98%
Camry No
95%
Mondeo/Fusion No
93%
RAV4 No
93%
Camry No
93%
Fit/Jazz No
93%
Fit/Jazz No
93%
Fit/Jazz No
93%
Fit/Jazz No
93%
Mondeo/Fusion No
91%
Mondeo/Fusion No
91%
RAV4 No
91%
Camry No
91%
Mondeo/Fusion No
89%
Camry No
89%
Fit/Jazz No
87%
e No
87%
RAV4 Yes
85%
e No
85%
Fit/Jazz Yes
82%
e No
82%
e No
82%
e No
76%
Mondeo/Fusion Yes
69%
e Yes
64%
Camry No
49%
Camry Yes
44%
No matching quizzes found
Score Distribution
Percent of People with Each Score
Percentile by Number Answered
Your Score History
You have not taken this quiz